Monster Hunter - Large Monster Weaknesses 2 - Statistics

General Stats
  • This quiz has been taken 38 times
  • The average score is 6 of 15
Answer Stats
Question Answer % Correct
Ancient Leshen is weak to: Fire
89%
Primordial Malzeno is weak to: Dragon
79%
Gypceros is weak to: Fire
74%
Pyre Rakna-Kadaki is weak to: Water
63%
Fulgur Anjanath is weak to: Ice
47%
Scarred Yian Garuga is weak to: Water
47%
Bazelgeuse is weak to: Electric
42%
Almudron is weak to: Fire
37%
Desert Seltas is weak to: Ice
37%
Seething Bazelgeuse is weak to: Ice
37%
Brute Tigrex is weak to: Water
37%
Dodogama is weak to: Electric
16%
Banbaro is weak to: Dragon
5%
Radobaan is weak to: Dragon
0%
Monoblos is weak to: Electric
0%
No matching quizzes found
Score Distribution
Percent of People with Each Score
Percentile by Number Answered
Your Score History
You have not taken this quiz